000 00485nam a2200181Ia 4500
005 20250508163916.0
008 008 250505s9999 xx 000 0 hin d
037 _aTextual
040 _aFEDL
_beng
_cFEDL
041 _ahin
_2eng
084 _a891.433, TAG
_qFEDL
100 _aTagore Rabindranath
245 0 _aGora
260 _aDelhi, India
_bHindi Pocket Books Pvt. Ltd.
_c2002
300 _a487p.
942 _cTEXL
_h891.433, TAG
999 _c1385909
_d1385909